000 01111 a2200253 4500
999 _c2133
_d2133
020 _a9780821394557 (paper)
020 _a9780821389485 (electronic)
050 0 0 _aHJ1445.PAU 2012
100 1 _aPaulais, Thierry.
245 1 0 _aFinancing Africa's cities :
_bthe imperative of local investment /
_cThierry Paulais.
264 _aWashington:
_bWorld bank.,
_c2012
300 _axxiii, 349 p. :
_bill., map ;
500 _a"A copublication of the Agence franȧise de dv̌eloppement and the World Bank."
500 _a"This book was originally published in France as Financer les villes d'Afrique : L'enjeu de l'investissement local"--Copyright page.
504 _aIncludes bibliographical references and index.
650 0 _aFinance, Public
650 0 _aMunicipal finance
650 0 _aDecentralization in government
_xEconomic aspects
650 0 _aUrban policy
651 0 _aAfrica
710 2 _aAgence franȧise de dv̌eloppement.
942 _2lcc
_cBK
_h1445
_iPAU
_kHJ